000 00345nam a2200145Ia 4500
008 220216s9999 xx 000 0 und d
100 _aJacob G.
245 0 _aNatural rubber import is inevitable
260 _bRubber Asia
_c1997
300 _a35-38
650 _aImport
650 _aImport licence
650 _aNatural rubber
942 _cBS
999 _c51599
_d51599